| 000 | 00653nam a2200205 a 4500 | ||
|---|---|---|---|
| 001 | 000015322 | ||
| 005 | 20240530073917.0 | ||
| 008 | 100205s2009 dr 000 f spa d | ||
| 020 | _a9789945068993 | ||
| 040 |
_aDO-SdBNP _bspa _cBNPHU |
||
| 082 |
_aRD863.44 _bG277u |
||
| 100 |
_aGautier, Manuel Salvador, _d1930-2021 _929016 |
||
| 245 | 1 | 0 |
_aUn árbol para esconder mariposas / _cGautier Manuel Salvador. |
| 260 |
_aSanto Domingo : _bSantuario, _c2009. |
||
| 300 |
_a143 p. ; _c22 cm. |
||
| 590 | _aInventariado, 2019/VM | ||
| 650 | 0 |
_aNovela dominicana _9223 |
|
| 650 | 0 |
_aLiteratura dominicana. _967 |
|
| 910 | _aValidado. Control de calidad MMOLINA | ||
| 999 |
_c14888 _d14888 |
||